| 000 | 00571nam a22001817a 4500 | ||
|---|---|---|---|
| 005 | 20140919103558.0 | ||
| 008 | 140919b2012 ko il. | |||| 00| 0 kor d | ||
| 020 | _a9788968110023 | ||
| 041 | _aeng | ||
| 082 |
_a580.12519 _bF63f |
||
| 245 | 0 | 0 | _aFlora of Mt. Cheonggye - san |
| 260 |
_aKorea _bNational Institute of Biological Resources - NIBR _cc2012 |
||
| 300 |
_a471 P. _bfot. (col) _c23 cm. |
||
| 500 | _aIncluye lista de especies (pag 469-471) | ||
| 650 | 6 |
_aPlantas _xespecies _zKorea _927152 |
|
| 650 | 6 |
_aPlantas _xclasificación _zKorea _927153 |
|
| 942 |
_2ddc _cLIBRO |
||
| 999 |
_c8715 _d8715 |
||